000
00305nam a22001337a 4500
008
180920b xxu||||| |||| 00| 0 eng d
020
_a
2900815341054
041
_a
eng
080
_2
5 ED
_a
573
100
_a
11
101
_a
BIO
245
_a
Molecular Biology The cell
_c
Lewis.A J
942
_2
udc
_c
BK
999
_c
48108
_d
48108